[Event "UKR-ch"]
[Site "Simferopol"]
[Date "2003.11.06"]
[Round "3"]
[White "Nechaev, Andrei"]
[Black "Eljanov, Pavel"]
[Result "1/2-1/2"]
[WhiteElo "2417"]
[BlackElo "2597"]
[PlyCount "64"]
[EventDate "2003.11.04"]
[EventType "swiss"]
[EventRounds "9"]
[EventCountry "UKR"]
[SourceTitle "CBM 097 Extra"]
[Source "ChessBase"]
[SourceDate "2004.01.13"]
[SourceVersion "1"]
[SourceVersionDate "2004.01.13"]
[SourceQuality "1"]

1. d4 Nf6 2. c4 g6 3. Nf3 Bg7 4. Nc3 d5 5. cxd5 Nxd5 6. e4 Nxc3 7. bxc3 c5 8. Bb5+ Nc6 9. 0-0 cxd4 10. cxd4 0-0 11. Be3 Bg4 12. Bxc6 bxc6 13. Rc1 Qa5 14. Qd2 Qxd2 15. Nxd2 Rfd8 16. Nb3 Be2 17. Rfe1 Bb5 18. e5 a5 19. Nc5 a4 20. Rc3 Rd5 21. h3 Bf8 22. Rec1 e6 23. Ne4 Be7 24. g4 h6 25. Kg2 Kg7 26. Kg3 g5 27. Kf3 Rh8 28. R1c2 h5 29. Kg2 hxg4 30. hxg4 Rdd8 31. f3 Rh7 32. Bg1 Rdh8 1/2-1/2